BASIC ANATOMY: LOWER LIMB (Record no. 8700)

MARC details
000 -LEADER
fixed length control field 00277nam a22001337a 4500
003 - CONTROL NUMBER IDENTIFIER
control field SGT
082 ## - DEWEY DECIMAL CLASSIFICATION NUMBER
Classification number 611
Item number B11O
100 ## - MAIN ENTRY--PERSONAL NAME
Personal name OOMMEN,ANITHA
245 ## - TITLE STATEMENT
Title BASIC ANATOMY: LOWER LIMB
260 ## - PUBLICATION, DISTRIBUTION, ETC. (IMPRINT)
Place of publication, distribution, etc DELHI
Name of publisher, distributor, etc ANE BOOKS
Year of Publication 2011
300 ## - PAGE DESCRIPTION
No. of Pages 139
650 ## - SUBJECT ADDED ENTRY--TOPICAL TERM
Topical term or geographic name as entry element ANATOMY
942 ## - ADDED ENTRY ELEMENTS (KOHA)
Source of classification or shelving scheme Dewey Decimal Classification
Koha item type Books
942 ## - ADDED ENTRY ELEMENTS (KOHA)
-- 2
Holdings
Withdrawn status Lost status Source of classification or shelving scheme Damaged status Not for loan Collection code Home library Current library Shelving location Date acquired Vendor Name Cost, normal purchase price Volume Information (Serial or Books or Non-Book Material) SGTU Bill Number Total Checkouts Full call number Accession No. (Barcode) Date last seen Bill Date Koha item type Date last borrowed
    Dewey Decimal Classification     AYURVEDA SGT FA-FP Library SGT FA-FP Library Text Book 01/04/2016 AHUJA 250.00 2 SGTU 6599   611 B11O FA4856 01/04/2016 10/02/2016 Books  
    Dewey Decimal Classification     AYURVEDA SGT FA-FP Library SGT FA-FP Library Text Book 01/04/2016 AHUJA 250.00 2 SGTU 6599 1 611 B11O FA4857 15/04/2025 10/02/2016 Books 15/04/2025
    Dewey Decimal Classification     AYURVEDA SGT FA-FP Library SGT FA-FP Library Text Book 01/04/2016 AHUJA 250.00 2 SGTU 6599 2 611 B11O FA4858 26/06/2025 10/02/2016 Books 26/06/2025
    Dewey Decimal Classification     AYURVEDA SGT FA-FP Library SGT FA-FP Library Text Book 01/04/2016 AHUJA 250.00 2 SGTU 6599   611 B11O FA4859 01/04/2016 10/02/2016 Books  
    Dewey Decimal Classification     AYURVEDA SGT FA-FP Library SGT FA-FP Library Text Book 01/04/2016 AHUJA 250.00 2 SGTU 6599 1 611 B11O FA4860 24/03/2025 10/02/2016 Books 11/03/2025